Culture générale Pokémon n°1 - Statistiques

Statistiques générales
  • Ce quiz a été pris 109 fois
  • Le résultat moyen est 8 sur 15
Statistiques - réponses
Questions Réponses % Correct
Quel forme finale de starter n'apparait pas sur la jaquette des premiers jeux "Rouge et Bleu" ? Florizarre
98%
En quelle année ont été créés les Pokémon ? 1996
94%
Quel est l’âge de Sacha lorsqu’il commence sa quête pour devenir un maître Pokémon ? 10 ans
80%
De quel type est l'arène de Frimapic ? Glace
80%
Quel Pokémon possède le moins de PV au niveau 100 ? Munja
60%
Comment s'appelle le petit frère de Flora ? Max
59%
Combien de Pokémon compte la troisième génération ? 135
57%
Quel est le badge donné par Ondine en tant que championne Pokémon ? Badge Cascade
54%
Quel Pokémon a une base stat de 230 en défense et de 230 en défense spéciale ? Caratroc
48%
Quel est le nom du créateur de la franchise Pokémon ? Satoshi Tajiri
48%
Quel Pokémon est le bras droit de Grodoudou dans la saga "Donjons mystères : Explorateurs" ? Pijako
32%
Quel Pokémon porte le numéro 50 dans le Pokédex ? Taupiqueur
31%
Quel Pokémon possède Don Floral comme talent signature ? Ceriflor
26%
Quelle graine fait revivre automatiquement un Pokémon qui tombe KO dans la saga "Donjons mystères" ? Résugraine
19%
Dans "Pokémon Rangers : Nuit sur Almia" comment s'appelle le Temple du Désert Alorize ? Hippodocus
1%
Aucun quiz correspondant
Distribution des résultats
% des personnes avec chaque résultat
Percentile par nombre de réponses
Votre historique - résultats
Vous n’avez pas pris ce quiz